Statistics for Airlines Serving Kelowna (YLW)

Click here to take the quiz!

General Stats

  • This quiz has been taken 22 times
    (12 since last reset)
  • The average score is 7 of 11

Answer Stats

Airlines% Correct
Air Canada
100%
WestJet
100%
Flair Airlines
86%
Alaska Airlines
71%
Air North
57%
Canadian North
57%
Pacific Coastal Airlines
57%
Central Mountain Air
43%
Lynx Air
43%
Sunwing Airlines
43%
North Cariboo Air
29%

Score Distribution

Percentile by Number Answered

Percent of People with Each Score

Your Score History

You have not taken this quiz since the last reset